Türkiye'de en çok kullanılan erkek isimleri - 2024 - Statistics

General Stats
  • This quiz has been taken 179 times
  • The average score is 14 of 30
Answer Stats
Sıra İsim Sayı % Correct
1 MEHMET 1.285.141
93%
4 ALİ 742.542
90%
3 AHMET 863.817
89%
2 MUSTAFA 1.066.554
80%
21 MUHAMMED 200.391
77%
6 HASAN 537.184
61%
8 YUSUF 524.246
60%
11 ÖMER 421.876
58%
13 OSMAN 313.551
55%
5 HÜSEYİN 577.808
54%
9 İBRAHİM 508.362
54%
16 EMRE 246.322
48%
7 MURAT 529.021
48%
10 İSMAİL 438.668
45%
15 FATİH 257.075
43%
25 BURAK 184.237
42%
18 SÜLEYMAN 221.244
36%
19 HAKAN 220.206
35%
24 MAHMUT 185.372
35%
14 ABDULLAH 275.498
34%
23 FURKAN 190.653
31%
26 RECEP 181.921
30%
29 ENES 166.621
29%
22 KADİR 194.039
26%
20 ADEM 202.365
22%
12 RAMAZAN 361.829
22%
28 YASİN 166.772
22%
17 HALİL 229.076
20%
30 METİN 165.656
13%
27 SERKAN 176.025
13%
No matching quizzes found
Score Distribution
Percent of People with Each Score
Percentile by Number Answered
Your Score History
You have not taken this quiz